000 00277nam a2200109Ia 4500
008 200302s9999 xx 000 0 und d
100 _aCristina Paredes
245 _aPractical Ideas for Kitchens and Bathrooms
260 _bLoft Publishing
260 _c2007
300 _a199 P.,
999 _c3016
_d3016